000
00287nam a2200109Ia 4500
999
_c
17793
_d
17793
082
_a
954.041508 ASS-P
100
_a
Assam University, Silchar
245
0
_a
Partition and Northeast India: a collection of papers
260
_a
Silchar
_b
Assam University
300
_a
v.p.
942
_c
BK
_2
ddc